Optical fiber communication principles & practions (Record no. 1165)

MARC details
000 -LEADER
fixed length control field 00434nam a22001697a 4500
005 - DATE AND TIME OF LATEST TRANSACTION
control field 20160520104314.0
008 - FIXED-LENGTH DATA ELEMENTS--GENERAL INFORMATION
fixed length control field 160520b xxu||||| |||| 00| 0 eng d
020 ## - INTERNATIONAL STANDARD BOOK NUMBER
ISBN 978-81-317-3266-6
041 ## - LANGUAGE CODE
Language code of text/sound track or separate title eng
082 ## - DEWEY DECIMAL CLASSIFICATION NUMBER
Item number 3389
100 ## - MAIN ENTRY--AUTHOR NAME
Personal name Senion J.M.
245 ## - TITLE STATEMENT
Title Optical fiber communication principles & practions
260 ## - PUBLICATION, DISTRIBUTION, ETC. (IMPRINT)
Place of publication Delhi
Name of publisher Pearson Education,
300 ## - PHYSICAL DESCRIPTION
Number of Pages 1076
650 ## - SUBJECT ADDED ENTRY--TOPICAL TERM
Topical Term DIPLOMA ENGINEERING
942 ## - ADDED ENTRY ELEMENTS (KOHA)
Koha item type Books
Holdings
Lost status Damaged status Collection code Home library Current library Shelving location Date acquired Source of acquisition Cost, normal purchase price Full call number Accession Number Koha item type
    CS/IT JRU Library JRU Library SHELF-56-E 20/05/2016 PURCHASE 599.00 3389 3389 Books
    CS/IT JRU Library JRU Library SHELF-56-E 20/05/2016 PURCHASE 599.00 3389 3390 Books
    CS/IT JRU Library JRU Library SHELF-56-E 20/05/2016 PURCHASE 599.00 3389 3391 Books